| 000 | 00706cam a22002415a 4500 | ||
|---|---|---|---|
| 001 | 012268290 | ||
| 005 | 20151210134744.0 | ||
| 008 | 020215s2003 enka frd 001 0 eng | ||
| 020 | _a0582501857 (pbk) | ||
| 020 | _a9780582501850 | ||
| 040 |
_aStDuBDS _dUk _dEG-ScBUE _beng |
||
| 082 | 0 | 4 |
_a330 _222 _bGRA |
| 100 | 1 |
_aGrant, Susan, _d1953- _938898 |
|
| 245 | 1 | 0 |
_aAS economics / _cSusan Grant. |
| 260 |
_aHarlow : _bPearson / Longman, _c2003. |
||
| 300 |
_aviii, 328 p. : _bill. ; _c27 cm. |
||
| 500 | _aGlossary : p. 315-321. | ||
| 500 | _aIndex : p. 322-328. | ||
| 541 | _aBUE book fair. | ||
| 650 | 0 |
_aEconomics _xExaminations _vStudy guides. _2BUEsh |
|
| 653 |
_bBUSECO _cDecember2015 |
||
| 942 | _2ddc | ||
| 999 |
_c21113 _d21085 |
||